Dictionnaire de muséologie (notice n° 2152148)

détails MARC
000 -LEADER
fixed length control field 01371cam a2200145 4500500
005 - DATE AND TIME OF LATEST TRANSACTION
control field 20260405032105.0
041 ## - LANGUAGE CODE
Language code of text/sound track or separate title fre
042 ## - AUTHENTICATION CODE
Authentication code dc
100 10 - MAIN ENTRY--PERSONAL NAME
Personal name Mairesse, François
Relator term author
245 00 - TITLE STATEMENT
Title Dictionnaire de muséologie
260 ## - PUBLICATION, DISTRIBUTION, ETC.
Name of publisher, distributor, etc. Armand Colin,<br/>
Date of publication, distribution, etc. 2022.<br/>
520 ## - SUMMARY, ETC.
Summary, etc. Aujourd’hui, les musées sont plus que jamais au centre des problématiques culturelles, sociales et économiques de nos sociétés. Et  la muséologie occupe désormais une place incontournable dans le champ des sciences sociales. Ce dictionnaire, réunissant une équipe d'experts internationaux, vient, en plus de 1200 entrées organisées en 7 thématiques,  définir, analyser et mettre en perspective l'ensemble des termes utilisés  dans le champ muséal, des plus académiques (exposition, artefact, patrimoine immatériel, cabinet de curiosité) aux plus innovants (digital curatorship, memory spots, cybermusée...). Un ouvrage de référence couvrant à la fois les domaines de la muséologie, de l’exposition, des méthodes de recherche, de gestion des collections et de conservation/restauration, de l’éducation muséale et la médiation, dans la gestion/marketing, de l’histoire et de l’analyse critique du musée.
700 10 - ADDED ENTRY--PERSONAL NAME
Personal name ICOM
Relator term author
856 41 - ELECTRONIC LOCATION AND ACCESS
Uniform Resource Identifier <a href="https://shs.cairn.info/dictionnaire-de-museologie--9782200633974?lang=fr&redirect-ssocas=7080">https://shs.cairn.info/dictionnaire-de-museologie--9782200633974?lang=fr&redirect-ssocas=7080</a>

Pas d'exemplaire disponible.

PLUDOC

PLUDOC est la plateforme unique et centralisée de gestion des bibliothèques physiques et numériques de Guinée administré par le CEDUST. Elle est la plus grande base de données de ressources documentaires pour les Étudiants, Enseignants chercheurs et Chercheurs de Guinée.

Adresse

627 919 101/664 919 101

25 boulevard du commerce
Kaloum, Conakry, Guinée

Réseaux sociaux

Powered by Netsen Group @ 2025